000 00775nam a22002657a 4500
999 _c131371
_d131371
003 0
005 20191004153859.0
008 0
010 _aB-213419, B-213429
020 _c295.00
_a8186939342
035 _aB-213419, B-213427, B-213423, B-213437,b-213439
035 _aB-213429
037 _aCen Lib/Ret
040 _aDPL
_bEN
_c0
050 _aN
082 _aN
_bDIV
100 _aDivakaruni, Chitra Banerjee
_930424
245 _aThe mirror of fire and dreaming :
_cby Chitra Banerjee Divakaruni
_bthe brotherhood of the conch: book II /
260 _aNew Delhi
_bRoli Books
_c2007
270 _bNew Delhi
_aM-75, G.K. ll market
_e110048
300 _a226p.
_c22cm(pbk)
650 _a literature
_96262
650 _aNovel
_922513
942 _2ddc
_cEN
_hN
_mCHI